000 00726nam a2200265Ia 4500
003 OSt
005 20220912150422.0
006 a|||||r|||| 00| 0
007 ta
008 220909b |||||||| |||| 00| 0 eng d
024 _a27739
037 _cTextual
040 _aCSL
_beng
_cCSL
041 _aeng
082 _aY:52:5(L).43591, M0
100 _aSwee-Hock Saw
245 0 _aPopulation control for zero growth in Singapore
260 _aSingapore
_bOxford University Press
_c1980
300 _axv,231p.
_ccm.
650 _a Demography
650 _a Over population
650 _aPopulation control
942 _hY:52:5(L).43591, M0
_cTEXL
_2CC
999 _c47119
_d47119